Fifth Harmony Trivia - Statistics

General Stats
  • This quiz has been taken 451 times
  • The average score is 15 of 15
Answer Stats
Question Answer % Correct
the little big sister Ally
100%
loves to bake Ally
100%
can be jesus or a sinner Ally
100%
doesnt know how to pronounce "aunt jemima" Camila
100%
said "I like it when my clothes is big on me" Lauren
100%
will try anything and everything Lauren
100%
dated dorito boy Camila
99%
bad things Camila
99%
was cheated on Dinah
99%
lives with over 23 people Dinah
99%
loves social media Dinah
99%
twerk queen Normani
99%
very flexible Normani
98%
did multiple pagents as a child Normani
98%
the biggest ship of the group Camren
96%
No matching quizzes found
Score Distribution
Percent of People with Each Score
Percentile by Number Answered
Your Score History
You have not taken this quiz